000 00346 a2200157 4500
001 59354
020 _a8516009858
040 _cAnchieta - Pituba
100 _aBandeira, Pedro
240 1 0 _aA marca de uma lágrima
_lpor
245 1 0 _aA marca de uma lágrima
300 _a126
362 0 _a1997
650 4 _aLiteratura juvenil
942 _cBK
999 _c59354
_d59354